Disasters By Picture - Statistics

General Stats
  • This quiz has been taken 197 times
    196 since last reset
  • The average score is 3 of 6
Answer Stats
Picture Answer % Correct
Tsunami
78%
When the earth shakes{Earthquake}
69%
Hurricane
63%
Flood
59%
Volcanic Eruptions
34%
Drought
22%
No matching quizzes found
Score Distribution
Percent of People with Each Score
Percentile by Number Answered
Your Score History
You have not taken this quiz since the last reset